Plantilla Aston Villa FC Champions League 2024/2025 - Estadísticas

Estadísticas generales
  • Esta prueba ha sido intentada 41 veces
  • La puntuación promedio es 15 de 20
Estadísticas de respuestas
Imagen Respuesta % Correcto
Emiliano Martínez
100%
Marco Asensio
95%
Marcus Rashford
95%
Ollie Watkins
92%
Lucas Digne
85%
Pau Torres
85%
Leon Bailey
82%
Youri Tielemans
82%
John McGinn
79%
Tyrone Mings
79%
Amadou Onana
74%
Matty Cash
74%
Ross Barkley
74%
Ezri Konsa
69%
Ian Maatsen
67%
Morgan Rogers
62%
Robin Olsen
62%
Axel Disasi
46%
Boubacar Kamara
46%
Jacob Ramsey
46%
No se encontraron pruebas coincidentes
Distribución de puntuación
Porcentaje de gente con cada puntuación
Porcentaje por número respondido
Historial de tus puntuaciones
No has intentado esta prueba.